Psychiatry essence / (Record no. 65902)

MARC details
000 -LEADER
fixed length control field 00800nam a22002177a 4500
005 - DATE AND TIME OF LATEST TRANSACTION
control field 2012050108188.0
008 - FIXED-LENGTH DATA ELEMENTS--GENERAL INFORMATION
fixed length control field 120501t xxu||||| |||| 00| 0 eng d
010 ## - LCCN (DPL NO)
LC control number ENG-105158
020 ## - INTERNATIONAL STANDARD BOOK NUMBER
International Standard Book Number 9789381815304
Terms of availability 500.00
035 ## - SYSTEM CONTROL NUMBER
System control number EN-88691
037 ## - SOURCE OF ACQUISITION
Source of stock number/acquisition DBAD/PUB
040 ## - CATALOGING SOURCE
Original cataloging agency DPL
Language of cataloging Eng
082 ## - DEWEY DECIMAL CLASSIFICATION NUMBER
Classification number 616.89
100 ## - MAIN ENTRY--PERSONAL NAME
9 (RLIN) 46103
245 ## - TITLE STATEMENT
Title Psychiatry essence /
Statement of responsibility, etc written and edited by faculty of Dr. Bhatia Medical Institute
260 ## - PUBLICATION, DISTRIBUTION, ETC. (IMPRINT)
Place of publication, distribution, etc Delhi
Name of publisher, distributor, etc Dr. Bhatia Publishing House
Date of publication, distribution, etc 2012
270 ## - ADDRESS
Address Flat No. 7, Sector-13, Unique Apartment, Rohini
City Delhi
Postal code 110085
300 ## - PHYSICAL DESCRIPTION
Extent 210p.
Dimensions 27cm(pbk)
942 ## - ADDED ENTRY ELEMENTS (KOHA)
Source of classification or shelving scheme Dewey Decimal Classification
Item type English Books
Call number suffix PSY
Classification part 616.89
Holdings
Withdrawn status Lost status Source of classification or shelving scheme Damaged status Not for loan Collection code Home library Current library Date acquired Source of acquisition Cost, normal purchase price Total Checkouts Full call number Barcode Date last seen Copy number Cost, replacement price Koha item type
    Dewey Decimal Classification   Not For Loan Non-fiction D.B.Act.Division D.B.Act.Division 01/05/2012 DBAD/PUB 500.00   616.89 PSY EN-88691 01/05/2012 1 500.00 English Books

© Delhi Public Library
Hit Counter
free hit counter